000 00683nam a2200253Ia 4500
003 OSt
005 20221006153339.0
006 a|||||r|||| 00| 0
007 ta
008 221006b |||||||| |||| 00| 0 jpn d
020 _c¥650
024 _a32,074
037 _bGift, Takatsugu Hayashi San
_cTextual
040 _aEASL
_cEASL
_bjpn
041 _2jpn
_ajpn
082 _aV42:19(zM), N2
100 _aIHA Sonoko
_9663518
245 0 _aHimeyuri no Okinawa
260 _aTokyo
_bIwanami Japan
_c1992
300 _a202p.
_ccm.
650 _aJL
942 _hV42:19(zM), N2
_cTEXL
_2CC
999 _c1100160
_d1100160